| 000 | 00404nam a22001457a 4500 | ||
|---|---|---|---|
| 999 |
_c3149 _d3149 |
||
| 008 | 200320b ||||| |||| 00| 0 eng d | ||
| 100 |
_92542 _aSubramaniam, H. |
||
| 245 | 1 | 0 |
_aShip borne radar and ARPA / _cby H. Subramaniam. |
| 250 | _a4th ed. | ||
| 260 |
_aMumbai : _bVijaya Publication, _c2010. |
||
| 300 | _av, 287p. | ||
| 440 | _aNutshell series book 3 | ||
| 650 | 0 | _aRadar in Navigation | |
| 942 | _cBK | ||